LEADER 00843nam a2200205 i 4500 001 000000035810 003 CaOOAMICUS 005 19931231000000.0 008 931231n it u000 u ita u 013 $a4676 040 $aSeMil$bita 100 1 $aDella Croce, Luigi.$0(OLS)http://semarc/name/16782 245 10$aFidelio di Ludwig van Beethoven :$bguida all'opera. 600 14$aBeethoven, Ludwig : van <1770-1827>.$0(OLS)http://semarc/subject/6644 650 4$aMusica - Storia - Sec. 19.$0(OLS)http://semarc/subject/6642 700 1 $aTreitschke, Georg Friedrich.$0(OLS)http://semarc/name/16783 850 $aSeMil 852 $aSeMil$W1$xVenegono$y1$m3Q I 61$j1965$B1965$CSeMilBibl$Z2$F1965 $81 961 $aOmaggio: Agenzia internazionale 996 $6245$aFidelio di Ludwig van Beethoven :$bguida all'opera$9(OLS)http://semarc/title/49258 LEADER 01419nam a2200313 i 4500 001 000000110886 003 CaOOAMICUS 005 20021218000000.0 008 021218s1997 it u000 u ita u 013 $a83567 020 $a88-315-1248-X 040 $aSeMil$bita 100 1 $aTondo, Maria.$0(OLS)http://semarc/name/46473 245 10$aDonna, profezia e futuro :$bidentitą femminile e relazione /$cMaria Tondo ; prefazione di Bruno Forte. 260 $aMilano :$bPaoline,$ccopyr. 1997. 300 $a186 p. ;$c20 cm. 490 0 $aCammini nello Spirito : meditazione, spiritualitą, teologia, biblica ;$v8 500 $aContiene : Indicazioni bibliografiche. - Fondo Card. C.M. Martini. 650 4$aDonna e comunicazione.$0(OLS)http://semarc/subject/19764 650 4$aDonna e spiritualitą.$0(OLS)http://semarc/subject/19765 700 1 $aForte, Bruno,$c.$0(OLS)http://semarc/name/3366 830 0$aCammini dello Spirito ;$v8.$0(OLS)http://semarc/title/419422 850 $aSeMil 852 $aSeMil$W1$xVenegono$y1$m3F II 238$j66743$B66743$CSeMilBibl$Z2$F98725 $81 941 1 $a4 961 $aOmaggio: Martini Card. Carlo Maria 996 $6020$a88-315-1248-X$9(OLS)http://semarc/number/92852 996 $6245$aDonna, profezia e futuro :$bidentitą femminile e relazione$9(OLS)http://semarc/title/161254 996 $6260$aMilano :$bPaoline$9(OLS)http://semarc/publisher/29684